|
|
|
|
| LEADER |
00842nam a2200229 a 4500 |
| 001 |
GR-MES4368 |
| 008 |
991111s gr 000 b eng d |
| 020 |
|
|
|a 9027722862
|
| 040 |
|
|
|a GrPaTEI
|b gre
|c GR-PaULI
|
| 245 |
0 |
0 |
|a Algebraic and geometric methods in nonlinear control theory.
|
| 260 |
|
|
|a Dordrecht :
|b D. Reidel publishing company
|
| 300 |
|
|
|a 642σελ
|
| 650 |
|
4 |
|a Αλγόριθμοι
|
| 650 |
|
4 |
|a ΓΕΩΜΕΤΡΙΑ
|
| 650 |
|
4 |
|a Μηχανική
|
| 700 |
1 |
|
|a Fliess, M.
|
| 700 |
1 |
|
|a Hazewinkel, M.
|
| 710 |
0 |
|
|a D. Reidel publishing company
|
| 942 |
|
|
|2 ddc
|
| 952 |
|
|
|0 0
|1 0
|2 ddc
|4 0
|6 629_831000000000000_2_FLI
|7 0
|9 269023
|a MSLG
|b MSLG
|c BSC
|d 2021-01-17
|e 24
|f 0
|g 0.00
|l 0
|o 629.831 2 FLI
|p 2420000014289
|r 2021-01-17 00:00:00
|t 1
|w 2021-01-17
|y BK15
|x 19991111 0 1
|x GrPaTEI
|
| 971 |
|
|
|a .b25754142
|b 15-04-20
|c 13-09-16
|
| 999 |
|
|
|c 155110
|d 155110
|